Ministrum Ecclesiae Corpore Vitiosum

Bibliographic Details
Main Author: Stübel, Johann Friedlieb, 1693-1742 (Author, Dissertant, Dedicator)
Corporate Author: Tietze, Immanuel (Lipsko, Nemecko) (Printer)
Other Authors: Schmid, Johann, 1649-1745 (Thesis advisor)
Format: Book
Language:Latin
German
PhysicalDescription:[4], 28 s. 19 cm
Published: Lipsiae Typis Immanuelis Titii MDCCXV. [=1715]
Subjects:

MARC

LEADER 00000nam a2200000 a 4500
001 vtls011907114
003 SK-MaSNL
005 20260301225326.0
008 251112 1715 gw 000 0 lat
015 |a SNBHFA1715 
040 |a SNKHF  |b slo  |c SNK  |e AACR2 
041 0 |a lat  |a ger 
044 |a gw  |c DE 
072 7 |a 2-1  |x Prirodzená teológia. Náboženská filozofia  |2 konspekt 
080 |a 2-1  |2 2011 
100 1 |a Stübel, Johann Friedlieb,  |d 1693-1742  |4 aut  |4 dis  |4 dto  |9 618750 
245 1 0 |a Ministrum Ecclesiae Corpore Vitiosum  |c Praeside Dn. Johanne Schmidio, SS. Theol. Doct. Et Prof. Publ. Alumnorum Electoralium Ephoro, Collegii B. Vir. Mar. Praeposito, Academiaeque Decem Viro, Praeceptore Atqve Patrono Suo Religiose Aetatem Colendo Lipsiae D. IV. Jun. Anno MDCCXV. In Auditorio Theologorum Publico Eruditorum Examini Sistet Autor M. Johann Friedlieb Stübel. Annaemont. SS. Theol. Cult. 
260 |a Lipsiae  |b Typis Immanuelis Titii  |c MDCCXV. [=1715] 
300 |a [4], 28 s.  |c 19 cm 
500 |a Rok vydania rímskymi číslicami 
500 |a Iniciála na 8 riadkov, vlys, záverová vineta, neživé záhlavie, kustody, zložky 
501 |a Príväzok 42. k: MUENDEN, Christian. Christiani Mvndenii S. Theol. D. Et P.P. H.T. Coll. Theol. Dec. Disqvisitio De Theologia Morali In Institvtionibvs Theologicis A Dogmatica Theologia Non Divellenda... Helmaestadii: Typis Pavli Dieterici Schnorrii Acad. Typogr., MDCCXXX. [=1730]  |5 SNK ID 101712 
561 |a Z knižnice Učenej spoločnosti malohontskej  |5 SNK ID 101712/prív.42 
650 0 7 |a teológia  |2 SNKPH  |9 1814 
650 0 7 |a náboženská filozofia  |2 SNKPH  |9 3774 
655 7 |a dizertácie  |2 SNKPH  |9 70277 
700 1 |a Schmid, Johann,  |d 1649-1745  |4 ths  |9 196864 
700 1 |a Alemann, Johannes Ägidius,  |d 1655-1719  |4 hnr  |9 507263 
700 1 |a Rechenberg, Johannes Georgio  |4 hnr  |9 618751 
710 2 |a Učená spoločnosť malohontská  |4 fmo  |9 205374 
710 0 |a Tietze, Immanuel (Lipsko, Nemecko)  |4 prt  |9 360506 
752 |a Nemecko  |d Lipsko 
852 |a snk  |b Historické fondy  |p SNK ID 101712/prív.42 
958 |a DD 
999 |c 950482  |d 952412 
952 |t MHC 1241  |a SNK  |b SNK  |c SNK_HF  |y PREZ  |7 0  |p 17A1356794  |o snkID 101712/prív.42  |i snk2019/29890  |8 5  |0 0  |1 0  |4 0  |d 2019-12-13  |l 0  |r 2026-02-24 09:46:47  |w 2026-02-24